[Event "Rio de Janeiro op 3rd"]
[Site "Rio de Janeiro"]
[Date "2024.04.22"]
[Round "1"]
[White "Ramos Azevedo, Edmundo Roberto"]
[Black "Bacelar, Rafaela Queiroz Da"]
[Result "1-0"]
[WhiteElo "1917"]
[BlackElo "1790"]
[PlyCount "48"]
[EventDate "2024.04.22"]
[EventType "swiss"]
[EventRounds "9"]
[EventCountry "BRA"]
[SourceTitle "CB18_2024"]
[SourceDate "2024.05.01"]
[SourceVersion "1"]
[SourceVersionDate "2024.05.01"]
[SourceQuality "2"]

1. d4 Nf6 2. Nf3 g6 3. Bf4 Bg7 4. e3 Nc6 5. Be2 0-0 6. 0-0 d6 7. c3 Re8 8. Bb5 Bd7 9. Nbd2 a6 10. Ba4 b5 11. Bb3 e5 12. dxe5 dxe5 13. Bg3 Bg4 14. h3 Bh5 15. Qc2 Bxf3 16. Nxf3 Qe7 17. Ng5 Rf8 18. Ne4 Rfd8 19. Bh4 Na5 20. Rfd1 Nxb3 21. axb3 Qe6 22. Bxf6 Bxf6 23. b4 Bg7 24. Nc5 Qe7 1-0

[Event "Florianopolis op 10th"]
[Site "Florianopolis"]
[Date "2024.01.22"]
[Round "4"]
[White "Ramos Azevedo, Edmundo Roberto"]
[Black "Silva, Kaua Marques"]
[Result "0-1"]
[WhiteElo "1860"]
[BlackElo "2142"]
[PlyCount "57"]
[EventDate "2024.01.20"]
[EventType "swiss"]
[EventRounds "10"]
[EventCountry "BRA"]
[SourceTitle "CB05_2024"]
[SourceDate "2024.01.31"]
[SourceVersion "1"]
[SourceVersionDate "2024.01.31"]
[SourceQuality "1"]

1. d4 d5 2. Bf4 Nf6 3. e3 e6 4. Nf3 Bd6 5. Bg5 c5 6. c3 Nbd7 7. Bd3 0-0 8. 0-0 e5 9. dxe5 Nxe5 10. Be2 Be6 11. Nxe5 Bxe5 12. Bf3 Qb6 13. Qb3 Ne4 14. Bxe4 dxe4 15. Qxb6 axb6 16. Nd2 f5 17. Nb3 Ra4 18. Rfd1 h6 19. Bf4 Bxf4 20. exf4 Rfa8 21. Nc1 Bxa2 22. Nxa2 Rxa2 23. Rab1 Kf8 24. Kf1 Ke7 25. Ke2 Ke6 26. Rd2 R2a5 27. Kd1 Ra1 28. Kc2 Rxb1 29. Kxb1 0-1

[Event "Salvador 10"]
[Site "Salvador"]
[Date "2009.10.18"]
[Round "4"]
[White "Ramos Azevedo, Edmundo Roberto"]
[Black "Monteiro Neto, Cesidio Rocha"]
[Result "1-0"]
[WhiteElo "2169"]
[BlackElo "2106"]
[PlyCount "55"]
[EventDate "2009.10.16"]
[EventType "tourn"]
[EventRounds "11"]
[EventCountry "BRA"]
[SourceTitle "EXT 2012"]
[Source "ChessBase"]
[SourceDate "2011.11.24"]
[SourceVersion "1"]
[SourceVersionDate "2011.11.24"]
[SourceQuality "1"]

1. d4 f5 2. Nf3 Nf6 3. Bf4 g6 4. e3 Bg7 5. Bc4 d5 6. Bb3 Nc6 7. Ne5 Na5 8. Ba4+ c6 9. b4 Nd7 10. Nxd7 b5 11. Nc5 bxa4 12. bxa5 Qxa5+ 13. Qd2 Qd8 14. Qb4 0-0 15. Nd2 e6 16. Nf3 Bf6 17. Qa3 a5 18. Qxa4 Bd7 19. Rb1 Be7 20. Bg5 Rb8 21. 0-0 Rxb1 22. Rxb1 Bxg5 23. Nxg5 Re8 24. Rb7 Bc8 25. Rxh7 Qb6 26. Qb3 Qd8 27. Qb8 e5 28. Rh8+ 1-0

[Event "Salvador 10"]
[Site "Salvador"]
[Date "2009.10.18"]
[Round "5"]
[White "Zallio, Luciano de Souza"]
[Black "Ramos Azevedo, Edmundo Roberto"]
[Result "1-0"]
[WhiteElo "2040"]
[BlackElo "2169"]
[PlyCount "63"]
[EventDate "2009.10.16"]
[EventType "tourn"]
[EventRounds "11"]
[EventCountry "BRA"]
[SourceTitle "EXT 2012"]
[Source "ChessBase"]
[SourceDate "2011.11.24"]
[SourceVersion "1"]
[SourceVersionDate "2011.11.24"]
[SourceQuality "1"]

1. e4 c6 2. d4 d5 3. Nc3 dxe4 4. Nxe4 Bf5 5. Ng3 Bg6 6. h4 h6 7. Bc4 e6 8. N1e2 Bd6 9. Nf4 Bxf4 10. Bxf4 Nf6 11. f3 Nbd7 12. h5 Bh7 13. Bb3 Nd5 14. Bd2 Qc7 15. Ne2 0-0-0 16. c4 Ne7 17. Kf2 Nf6 18. Bf4 Qa5 19. c5 Ned5 20. Bg3 Nb4 21. Bc4 Rd7 22. a3 Nbd5 23. b4 Qd8 24. Qa4 a6 25. b5 cxb5 26. Bxb5 Rc7 27. c6 Rxc6 28. Bxc6 bxc6 29. Qxc6+ Nc7 30. Rhc1 Nfd5 31. Qxa6+ Kd7 32. Bxc7 1-0